"-Stan" Countries - Capitals - Statistics

General Stats
  • This quiz has been taken 37 times
  • The average score is 6 of 7
Answer Stats
Answer % Correct
Astana
97%
Islamabad
94%
Kabul
91%
Bishkek
84%
Dushanbe
84%
Tashkent
84%
Ashgabat
81%
No matching quizzes found
Score Distribution
Percent of People with Each Score
Percentile by Number Answered
Your Score History
You have not taken this quiz